00531nam a22001937a 450000500170000001000130001702000180003003500130004803700090006108200120007010000210008224500770010324600090018025000120018926000290020127000650023030000230029550000190031820210209154447.0 aB-710686 a9788177589184 aB-710686 bGift a621.392 aPalnitkar, Samir aVerilog HDL:ba guide to digital design and synthesis /cSamir Palnitkar aVHDL a2nd ed. aNew DelhibPearsonc2010 a14 Local Shopping Centre, Panchsheel ParkbNew Delhie110017 a490p.c24 cm (pbk) aincludes index